Quick Pick: 'Men' Movies Quiz Stats

 Plays Quiz Updated Nov 8, 2019

Score 0/12 Timer 01:00
10 Plays Today
% Correct
Black
95.8%
Tights
94.9%
Country
94.7%
Mice
94.3%
Good
94.2%
White
93.8%
Angry
92.8%
Grumpy
91.9%
President's
90.2%
Dead
85.1%
Children
84.6%
Monuments
78.8%

Today's Daily Dose

Word Ladder
Lean on Me

Get the Picture
Superhero by Villain

You're not logged in!

Compare scores with friends on all Sporcle quizzes.
OR
Log In

Sporcle TV

Today on Sporcle TV


Watch our educational content, quiz creation guides, and fun videos on Sporcle TV.

Show Comments

Extras

Top Quizzes Today


Score Distribution

Your Account Isn't Verified!

In order to create a playlist on Sporcle, you need to verify the email address you used during registration. Go to your Sporcle Settings to finish the process.

Report this User

Report this user for behavior that violates our Community Guidelines.

Details: